| 000 | 00364nam a2200145 4500 | ||
|---|---|---|---|
| 999 |
_c510344 _d510344 |
||
| 008 | 190812b ||||| |||| 00| 0 eng d | ||
| 100 |
_aSahoo, Pravakar _98161 |
||
| 245 | _aInitiatives to empower rural youth | ||
| 260 | _c2019 | ||
| 300 | _ap.33-39. | ||
| 700 |
_aBhunia, Abhirup _98162 |
||
| 773 | _aKurukshetra | ||
| 906 | _aYouth, Rural | ||
| 942 |
_2ddc _cAR |
||